Papeles de monseñor de Meriño / Emilio Rodríguez Demorizi (Registro nro. 6008)

Detalles MARC
000 -LEADER
fixed length control field 00520nam a22001811a 4500
001 - CONTROL NUMBER
control field 6008
003 - CONTROL NUMBER IDENTIFIER
control field OSt
005 - DATE AND TIME OF LATEST TRANSACTION
control field 20260204212036.0
008 - FIXED-LENGTH DATA ELEMENTS--GENERAL INFORMATION
fixed length control field 060328s1983||||dr ||||||b||||||||||spa||
050 ## - LIBRARY OF CONGRESS CALL NUMBER
Classification number RD 248.482 R618p
100 ## - ASIENTO PRINCIPAL -- NOMBRE PERSONAL
Personal name Rodríguez Demorizi, Emilio
245 ## - TÍTULO PROPIAMENTE DICHO: SUBTÍTULO
Title Papeles de monseñor de Meriño / Emilio Rodríguez Demorizi
264 ## - PRODUCTION, PUBLICATION, DISTRIBUTION, MANUFACTURE, AND COPYRIGHT NOTICE
Place of production, publication, distribution, manufacture Santo Domingo : XI Feria Nacional del Libro
300 ## - PHYSICAL DESCRIPTION
Extensión 266 p
500 ## - GENERAL NOTE
General note Incluye bibliografía
650 ## - ASIENTO SECUNDARIO DE MATERIA -- TERMINO TEMÁTICO
Termino Temático Como Elemento de Entrada 1.Hombres - Guía de vida cristianaÌ
942 ## - ADDED ENTRY ELEMENTS (KOHA)
Source of classification or shelving scheme Dewey Decimal Classification
Koha item type Libros
Existencias
Withdrawn status Lost status Source of classification or shelving scheme Damaged status Not for loan Current library Date acquired Full call number Barcode Date last seen Price effective from Koha item type
    Dewey Decimal Classification Descartado para donación   Biblioteca UTECO 09/09/2019 RD 248.482 R618P 010458 09/09/2019 09/09/2019 Libros
© 2021 Derechos Reservados UTECO - Teléfono: +1 809-585-2291 - Correo electrónico: biblioteca@uteco.edu.do​  
Código postal 43000 ​​
Dirección: Avenida Universitaria No. 100, 
Cotuí, Provincia Sánchez Ramírez, República Dominicana - RNC: 404-00059-6